1093 1854 1908 1894 1186 1367 1102 1501 1966 1384 1849 1838 1519 1781 1776 1367 1387 1095 1261 1754 1508 1862 1446 1676 1284 1575 1170 1941 1240 1205 1925 1886 1794 1607 1972 1503 1481 1089 1728 1338 1824 1144 1326 1685 1807 1582 1462 1043 1450 1310 1011 1900 1178 1419 1754 1918 1671 1572 1147 1563 1146 1685 1613 1864 1379 1483 1988 1883 1371 1071 1058 1702 1051 1726 1531 1151 1433 1285 1565 1107 1323 1334 1974 1477 1517 1470 1538 1305 1446 1787 1319 1653 1775 1797 1086 1282 1496 1721 1833 BCNSPRNW ULIB Ver.6.0+V

เปลี่ยนเป็นภาษาไทย

Change to English
 แสดงรายละเอียดบรรณานุกรม
  กลับหน้าหลัก

Brief Record : Get Marc (ISO 2709) : E-mail record : QR code < ปิดหน้าต่าง
LEADER : 00000nam 2200000uu 4500
001    13399122858
003     ULIB
008    131022s2555||||th 000 0 tha d
020    ^a9789742473792
050  4 ^aDS520^bป533ร
100    ^aปัทมาพร คำโท
245    ^aเราคืออาเซียน--ลาว/^cปัทมาพร คำโท
250    ^aพิมพ์ครั้งที่ 4
260    ^aกรุงเทพฯ :^bอมรินทร์คอมมิกส์,^c2555
300    ^a55 หน้า
440  0 ^aชุด เราคืออาเซียน
650  7 ^aประชาคมอาเซียน
650  7 ^aอาเซียน
650  7 ^aลาว
945    ^p75^l0^i034079
999    ^aทศพร
รายการนี้ยังไม่มีแท็ก
คุณยังไม่ได้ล็อกอิน คุณสามารถมีกิจกรรมร่วมกับเว็บไซต์ได้ แต่ต้องล็อกอินก่อน ::
  ล็อกอิน

รายการสื่อสารสนเทศ

ลำดับที่ ประเภท เลขเรียก/บาร์โค้ด สถานที่ สถานะ
1. การศึกษาทั่วไป
หนังสือสำรอง
สถานะ=หนังสือสำรอง
DS520 ป533ร ฉ.1 
  Barcode: 034079
ห้องสมุดวิทยาเขตสวรรค์ประชารักษ์
►หนังสือทั่วไป
บนชั้น

รายการใกล้เคียง
    ผู้แต่ง [ปัทมาพร คำโท]

    หัวเรื่อง [ประชาคมอาเซียน]
    หัวเรื่อง [อาเซียน]
    หัวเรื่อง [ลาว]

BibComment


ยังไม่เคยถูกคอมเมนท์

คอมเมนท์ทรัพยากรรายการนี้
  คอมเมนท์: เราคืออาเซียนลาว..


 Copyright 2026. Bcnsprnw @Library